Prehistoria de América
Guardado en:
| Autor principal: | |
|---|---|
| Formato: | Libro |
| Lenguaje: | español |
| Publicado: |
Santiago
Universitaria
1986
|
| Edición: | 6a. ed |
| Colección: | Colección el Saber y la Cultura
|
| Materias: | |
| Etiquetas: |
Agregar Etiqueta
Sin Etiquetas, Sea el primero en etiquetar este registro!
|
MARC
| LEADER | 00000nam a2200000 a 4500 | ||
|---|---|---|---|
| 001 | UCH3873 | ||
| 003 | CL-VaPUC | ||
| 008 | 090818e19860000CL |||||||||||||||||spa|d | ||
| 082 | 0 | 4 | |a 980.01 |b SIL |2 21 |
| 100 | 0 | |a Silva, Osvaldo |e author |9 539292 | |
| 245 | 1 | 0 | |a Prehistoria de América |
| 250 | |a 6a. ed | ||
| 300 | |a 272 p | ||
| 942 | |c BK | ||
| 945 | |d 20090818 00:00:00 |a lazolas | ||
| 260 | |a Santiago |b Universitaria |c 1986 | ||
| 650 | 0 | |a Historia |9 255047 | |
| 650 | 0 | |a Cultura |9 269059 | |
| 650 | 7 | |a SISTEMAS AGRICOLAS |2 CL-VaPUC |9 360420 | |
| 650 | 0 | |a Geografía |9 259346 | |
| 650 | 0 | |a Civilizaciones |9 267192 | |
| 650 | 0 | |a Organización social |9 357570 | |
| 650 | 7 | |a ORGANIZACION POLITICA |2 CL-VaPUC |9 257437 | |
| 651 | 0 | |a América |9 255182 | |
| 583 | |a last modification |c 20090818 00:00:00 |k Rodrigo Vera | ||
| 490 | 0 | |a Colección el Saber y la Cultura | |
| 999 | |c 335277 |d 335275 | ||